| 000 | 00992nac a22002651u 4500 | ||
|---|---|---|---|
| 010 | _a 95048763 | ||
| 020 | _a0471960055 | ||
| 082 | 0 | 0 |
_a621.3661 _bSHI |
| 090 |
_c7251 _d7251 |
||
| 100 | _aGhafouri-Shiraz, H. | ||
| 245 | 1 | 0 |
_aDistributed feedback laser diodes : _bprinciples and physical modeling / _cH. Ghafouri-Shiraz, B.S.K. Lo. |
| 260 |
_aNew York : _bWiley,1996 _c1996. |
||
| 300 |
_axxii, 220 p. : _bill. ; _c25 cm. |
||
| 500 | _adistributer: Al-Ahram | ||
| 504 | _aIncludes bibliographical references and index. | ||
| 511 | _acatalogued by: wessam | ||
| 650 | 0 | _aOptical communications. | |
| 650 | 0 | _aOptical fibers. | |
| 650 | 0 | _aSemiconductor lasers. | |
| 650 | 0 | _aDiodes, Semiconductor. | |
| 700 | 1 | _aLo, B. S. K. | |
| 856 | 4 |
_3Table of Contents _uhttp://www.loc.gov/catdir/toc/onix04/95048763.html |
|
| 856 | 4 |
_3Publisher description _uhttp://www.loc.gov/catdir/enhancements/fy0706/95048763-d.html |
|
| 942 |
_cBB _k621.3661SHI |
||
| 999 |
_c7251 _d7251 |
||